Xarxa de Ciutats i Pobles pels Nous Usos del Temps
Descripción Física:
15 p. ; 21 cm
Otros Autores:
Xarxa de Ciutats i Pobles pels Nous Usos del Temps
MARC
| LEADER | 00000nam a2200000Ia 4500 | ||
|---|---|---|---|
| 001 | 23311 | ||
| 008 | 160829s2010 xx 000 0 cat d | ||
| 080 | |a FU-59-99 | ||
| 245 | |a Xarxa de Ciutats i Pobles pels Nous Usos del Temps | ||
| 260 | |a Barcelona : |b Diputació de Barcelona. Àrea d'Igualtat i Ciutadania, |c 2010 | ||
| 300 | |a 15 p. ; |c 21 cm | ||
| 650 | |a Temps |x Organització |9 48665 | ||
| 650 | |a Xarxa de Ciutats i Pobles pels Nous Usos del Temps |9 48666 | ||
| 700 | |a Xarxa de Ciutats i Pobles pels Nous Usos del Temps |9 48666 | ||
| 710 | |a Barcelona (Catalunya : Província). |b Àrea d'Igualtat i Ciutadania |9 7840 | ||
| 901 | |a Arxiu | ||
| 942 | |n 1 | ||
| 952 | |0 0 |1 0 |4 0 |6 FU5999 |7 1 |9 54748 |a Arxiu |b Arxiu |d 2011-11-04 |l 0 |o FU-59-99 |p 23311 |r 2016-12-01 00:00:00 |w 2016-12-01 |y ARXIU | ||
| 999 | |c 58617 |d 58617 | ||